|
|
|
|
| LEADER |
00000nas a2200000 a 4500 |
| 001 |
ssj0004908 |
| 003 |
WaSeSS |
| 005 |
20200512172242.0 |
| 006 |
m d |
| 007 |
cr n |
| 008 |
981001c19869999nyubx pss 0 a0eng c |
| 010 |
|
|
|a 2004233556
|
| 016 |
7 |
|
|a 013089536
|2 Uk
|
| 022 |
|
|
|a 1432-0444
|l 0179-5376
|y 0179-5376
|
| 035 |
|
|
|a (WaSeSS)ssj0004908
|
| 040 |
|
|
|a PIT
|b eng
|c PIT
|d OCL
|d OCLCQ
|d TWT
|d GUA
|d OCLCQ
|d MUQ
|d OCL
|d OCLCQ
|d UKMGB
|d OCLCQ
|d OCLCO
|d OCLCQ
|d BUF
|d OCLCF
|d OCLCO
|d OCLCQ
|d AU@
|d NJT
|d VT2
|d DLC
|d WaSeSS
|
| 042 |
|
|
|a pcc
|
| 050 |
0 |
0 |
|a QA440
|
| 082 |
0 |
4 |
|a 516
|
| 130 |
0 |
|
|a Discrete & computational geometry (Online)
|
| 245 |
1 |
0 |
|a Discrete & computational geometry
|h [electronic resource].
|
| 246 |
3 |
|
|a Discrete and computational geometry
|
| 260 |
|
|
|a New York :
|b Springer-Verlag
|
| 310 |
|
|
|a Eight issues yearly,
|b 2004-
|
| 321 |
|
|
|a Frequency varies,
|b <1996-2003>
|
| 362 |
1 |
|
|a Print began with v. 1, no. 1 in 1986.
|
| 506 |
|
|
|a License restrictions may limit access.
|
| 538 |
|
|
|a Mode of access: World Wide Web.
|
| 588 |
|
|
|a Description based on: Vol. 15, no. 1 (Jan. 1996); title from pdf image of article (Springer LINK, viewed Apr. 14, 2004).
|
| 588 |
|
|
|a Latest issue consulted: Vol. 62, issue 1 (July 2019) (Springer LINK, viewed July 23, 2019).
|
| 650 |
|
0 |
|a Geometry
|v Periodicals.
|
| 650 |
|
0 |
|a Geometry
|x Data processing
|v Periodicals.
|
| 650 |
|
6 |
|a Géométrie discrète
|v Périodiques.
|
| 650 |
|
6 |
|a Géométrie
|x Informatique
|v Périodiques.
|
| 650 |
|
7 |
|a Geometry.
|2 fast
|0 (OCoLC)fst00940864
|
| 650 |
|
7 |
|a Geometry
|x Data processing.
|2 fast
|0 (OCoLC)fst00940870
|
| 655 |
|
0 |
|a Electronic journals.
|
| 776 |
0 |
8 |
|i Print version:
|t Discrete & computational geometry
|x 0179-5376
|w (DLC) 90656510
|w (OCoLC)12986080
|
| 850 |
|
|
|a DLC
|
| 856 |
4 |
0 |
|z Full text available from Research Library: 03/01/2001 to 1 year ago
|u https://search.proquest.com/publication/31658
|